5 nächstgelegende Länder pro Land #2 - Statistiken

Allgemein
  • Dieses Quiz wurde 84 mal gespielt
  • Das Durchschnittsergebnis liegt bei 32 aus 38
Antwortstatistiken
Startland Land % Korrekt
Südkorea Nordkorea
100%
Irland Vereinigtes Königreich
100%
Südkorea China
97%
St. Lucia, Ireland, Tunisia Frankreich
97%
Südkorea Japan
97%
Kap Verde Marokko
96%
Tunesien Algerien
95%
Uruguay Argentinien
95%
Irland Belgien
95%
Uruguay Brasilien
95%
Irland Niederlande
93%
Uruguay Bolivien
92%
Singapur Indonesien
92%
Uruguay Chile
90%
Uruguay Paraguay
90%
Bahrain Saudi-Arabien
90%
Bahrain Katar
89%
Singapur Malaysia
89%
Irland Deutschland
86%
Tunesien Libyen
86%
Bahrain Vereinigte Arabische Emirate
86%
Südkorea Russland
85%
Singapur Vietnam
81%
Bahrain Iran
79%
Singapur Thailand
79%
Südkorea Taiwan
78%
Tunesien Italien
77%
Bahrain Kuwait
77%
Kap Verde Mauretanien
77%
Kap Verde Senegal
75%
Tunesien Malta
73%
Kap Verde Gambia
71%
St. Lucia St. Vincent und die Grenadinen
70%
St. Lucia Grenada
67%
Singapur Kambodscha
66%
St. Lucia Barbados
64%
St. Lucia Dominica
64%
Kap Verde Guinea-Bissau
59%
Keine übereinstimmenden Quizze gefunden
Verteilung der Resultate
Anzahl Personen mit jedem Resultat
Perzentil nach korrekt beantworteten Fragen
Ihre Resultats-Entwicklung
Sie haben dieses Quiz noch nicht gespielt